| 000 | 01252cam a2200217 4500 | ||
|---|---|---|---|
| 001 | ABS62389 | ||
| 008 | 000000n2000 000 0 eng u | ||
| 035 | _a(Sirsi) u106291 | ||
| 245 | _aWhat is sutaining rural land values? | ||
| 260 | _c2000 | ||
| 490 |
_aRICS UK Economic Brief _vMay 2000,6-7(2) |
||
| 520 | _aWhilst farm incomes have fallen by 61% since 1995 and are predicted to fall further in 2000 farmland prices have surged. According to the RICS own measure for vacant possession farmland sales values have risen in real terms 15% in real terms since 1995. Considers the reasons for this ; the strength of the residential sector, the introduction of farm business tenancies, the growth of contract farming, of diversification and farmers' willingness to adapt to changes on the supply side which has kept a shortage of land on the market. Warns though that, looking at historical data, traditionally land values have lagged farm incomes. Concludes by examining possible effects of a drop in land values at the present time. References. | ||
| 590 | _aABS | ||
| 650 | _aFARMLAND PRICES | ||
| 650 | _aFARM INCOMES | ||
| 650 | _aLAND VALUES | ||
| 650 | _aFORECASTS | ||
| 650 | _aRURAL ECONOMY | ||
| 690 | _aRURAL-MARKET | ||
| 942 | _n0 | ||
| 999 |
_c63656 _d63656 |
||